000 01791nam a2200253Ia 4500
003 OSt
005 20210127110445.0
008 161108s9999 xx 000 0 und d
020 _a9789588900087
040 _aCO-BoRNBP
_bspa
_erda
_cCO-BoRNBP
082 _a868.44 G34a
100 _aGilard, Jacques
245 _aAsí leí a García Márquez /
_cJacques Gilard
264 _aBogotá :
_b Collage Editores
300 _a279 páginas ;
_c 24 cm
336 _atexto
_btxt
_2rdacontent
337 _asin mediación
_bn
_2rdamedia
338 _avolumen
_bnc
_2rdacarrier
490 _aGarcía Márquez, Genio universal del Caribe
500 _aEste libro es un homenaje a García Márquez, por su reconocida obra literaria, y a Jacques Gilard, por su dedicación a indagar en ella, profundizando en la cultura Caribe, en sus autores y en su gente. De sus numerosas investigaciones y ensayos, cuatro han sido seleccionados por Fabio Rodríguez Amaya, conocedor de su obra, y albacea literario de ella. Ellos son: Eduardo Zalamea Borda, descubridor de García Márquez; Veinte y cuarenta años de algo peor que la soledad; Renovación del cuento hispanoamericano Ojos de perro azul; y Del amor y otros demonios: otra novela de la pasión. Gilard, quien tenía la más absoluta convicción de la grandeza de García Márquez, aplica en estos textos su más experimentada metodología de trabajo, desarrollando una rigurosa labor crítica, sin perder de vista la objetividad que le era tan preciada, su mayor característica.
600 _aGarcia Marquez, Gabriel, 1928-2014 - Critica E Interpretacion / Garcia Marquez, Gabriel, 1928-2014 - Homenajes Postumos / Garcia Marquez, Gabriel, 1928-2014 - Anecdotas
650 _aLiteratura Colombiana - Historia Y Critica
942 _2ddc
_cBK
999 _c12869
_d12869